等星星發亮的男孩

資料類型: Book 圖書   書目號:53110

Leader xxxxxxxxxx
001 __ 102598/8/01
005 __ 20190417142328.087
010 0_ |a9789869654975|b平裝|d新臺幣350元
100 __ |a20190417d2019    a  y0chiy50      b
101 1_ |achi|ceng
102 __ |atw
105 __ |ay   z   000yy
200 1_ |a等星星發亮的男孩|dBeing Billy|f菲力.厄爾(Phil Earle)著|g李斯毅譯
205 __ |a初版
210 __ |a臺北市|c小麥田出版|c家庭傳媒城邦分公司發行|d2019[民108]
215 0_ |a302面|d21公分
225 12 |a故事館|v57
300 __ |a譯自: Being Billy
527 11 |aBeing Billy|zeng
510 1_ |aBeing Billy|zeng
700 _1 |a厄爾|c(Earle, Phil)|4702 _1 |a|b斯毅|4702 _1 |aEarle|bPhil
681 __ |a873.59|b853
801 _0 |atw|bLibDipper|c20190417|gCCR
詳細館藏(共 1 筆)
索 書 號登 錄 號冊次號館別 / 館藏地流通類型狀態加入預約清單電子資源
873.59 / 853 1025988  圖書館 / 一樓普通區 可外借30天 在館   

| 條列資料




目錄查詢 分類查詢 個人資料 圖書薦購 新書查詢 閉館日 排行榜 更多電子資源 Hami書城 線上資料庫 登出

From : 216.73.216.116

  本日流通累計至 22:48:12 借閱 : 0 次 續借 : 0 次 歸還 : 0 次 預約 : 0 次 電子資源 : 0 次


內湖高中圖書館  PCLIS 版本  25.5.0.2